[Event "11th Mumbai Mayors Cup 2018"]
[Site "Mumbai"]
[Date "2018.06.06"]
[Round "6"]
[White "Raja Rithvik R"]
[Black "Kravtsiv, Martyn"]
[Result "1/2-1/2"]
[WhiteElo "2296"]
[BlackElo "2662"]
[Annotator "TA"]
[PlyCount "92"]
[EventDate "2018.??.??"]
[EventType "swiss"]
[EventCountry "IND"]
[SourceTitle "playchess.com"]
[Source "ChessBase"]
[SourceQuality "1"]

{[%evp 19,92,14,21,-8,-26,-42,-47,-52,-37,-29,-23,-21,0,-40,-44,-75,-63,-55,0,1,3,0,46,35,66,28,29,38,87,25,100,93,94,0,0,0,0,0,0,0,0,0,0,0,0,0,0,0,0,0,0,0,0,0,0,0,0,0,0,0,0,0,0,0,0,0,0,0,0,0,0,0,0,0,0]} 1. d4 Nf6 2. c4 e6 3. g3 d5 4. Nf3 Bb4+ 5. Bd2 Bd6 (5... Be7 6. Bg2 O-O 7. O-O Nbd7 8. Qc2 c6 9. Bf4 b6 10. cxd5 cxd5 11. Rc1 Bb7 12. Nc3 Rc8 13. Ne5 Nxe5 14. Bxe5 Ne4 15. Qd3 f6 16. Bf4 g5 17. Nxe4 gxf4 18. Nc3 Bd6 {½-½ (49) Duda,J (2724)-Ding,L (2778) Liaocheng 2018}) 6. Nc3 {E01: Catalan: Early deviations} O-O 7. Bg5 c6 8. Bg2 h6 9. Bxf6 Qxf6 10. O-O Qd8 {LiveBook: 3 Games} 11. e4 {[%cal Re4d5]} dxc4 12. e5 $146 ({Predecessor:} 12. Nd2 e5 13. Nxc4 exd4 14. Qxd4 {0-1 (36) Lampert,J (2500)-Werle,J (2555) Germany 2017}) 12... Be7 13. a4 a5 14. Qe2 b6 15. Rfd1 Ba6 16. Qe3 Ra7 17. Nd2 {[%cal Bf3d2,Bd2e4,Be4c5][%mdl 32]} Rd7 18. Nde4 b5 ({Better is} 18... Bb7 $15 19. Bf1 Na6) 19. axb5 $11 cxb5 20. d5 $36 {[%mdl 2048] White fights for an advantage.} b4 21. d6 {[#] Threatens to win with Na4.} bxc3 22. bxc3 (22. Qxc3 $5 {[%cal Re4c5]} Bb5 23. Nc5 $14) 22... Bb7 23. Nc5 Bg5 24. f4 Bxg2 25. Kxg2 Qb6 {[#] aiming for ...Rc8.} 26. fxg5 (26. Rdb1 $1 $16 {[%cal Rb1b6]} Qc6+ 27. Kg1) 26... Rc8 $1 {The position is equal.} 27. Rab1 Qxc5 28. Qxc5 Rxc5 29. Rxb8+ {[%mdl 4096] Endgame KRR-KRR} Kh7 30. gxh6 Rxe5 31. hxg7 Kxg7 32. Ra8 Kf6 33. Rf1+ Kg7 34. Rd1 Re2+ 35. Kh3 f5 36. g4 Re3+ 37. Kg2 Rd3 38. Re1 Rd2+ 39. Kf3 R7xd6 40. gxf5 exf5 41. Rxa5 Kf6 42. h4 Rh2 43. Kg3 Rc2 44. Kf4 Rf2+ 45. Kg3 Rc2 {White must now prevent ...Rd3+.} 46. Kf4 Rf2+ {Precision: White = 79%, Black = 83%.} 1/2-1/2

[Event "11th Mumbai Mayors Cup 2018"]
[Site "Mumbai"]
[Date "2018.06.06"]
[Round "6"]
[White "Raahul V S"]
[Black "Nguyen, Van Huy"]
[Result "1-0"]
[WhiteElo "2233"]
[BlackElo "2451"]
[Annotator "TA"]
[PlyCount "80"]
[EventDate "2018.??.??"]
[EventType "swiss"]
[EventCountry "IND"]
[SourceTitle "playchess.com"]
[Source "ChessBase"]
[SourceQuality "1"]

{[%evp 9,80,19,87,77,83,86,78,71,97,79,208,111,111,102,104,106,102,106,108,122,95,115,85,75,122,133,142,123,155,133,139,125,127,106,172,150,145,133,126,32,41,25,24,39,93,16,26,22,22,23,26,22,50,42,62,31,36,46,62,63,60,63,93,93,128,131,179,178,598,601,515,-26,0]} 1. c4 Nf6 2. Nc3 e6 3. e4 c5 4. Nf3 Nc6 5. Be2 Nd4 {LiveBook: 6 Partien} (5... d5 $11) (5... d5 6. exd5 exd5 7. d4 cxd4 8. Nxd4 dxc4 9. Nxc6 Qxd1+ 10. Nxd1 bxc6 11. Bxc4 Bd6 12. O-O O-O 13. b3 Rd8 14. Bg5 h6 15. Bh4 Bf5 {1-0 (55) Andreikin,D (2712)-Grischuk,A (2772) Huaian 2017}) 6. e5 $16 {A34: Englische Eröffnung (Symmetrische Variante)} Ng8 $146 ({Vorgänger:} 6... Nxe2 7. Qxe2 Ng8 8. d3 d5 9. O-O Ne7 10. Bg5 Qd7 11. d4 cxd4 12. Nb5 Nf5 13. cxd5 {1-0 (68) Slovak,K (2143)-Husek,M (2174) Kouty nad Desnou 2017}) 7. Nxd4 cxd4 8. Nb5 {Weiß steht besser.} Bc5 9. Qa4 f6 (9... Nh6 $16 {ist eine bessere Verteidigung.}) 10. exf6 ({Günstiger ist} 10. b4 $18 Be7 11. Nxd4) 10... Nxf6 11. b4 Be7 12. Nxd4 O-O 13. O-O d5 14. Bb2 e5 15. Nf3 e4 16. Nd4 Kh8 17. c5 Ng4 18. f3 exf3 19. Nxf3 Qc7 20. g3 Bd7 21. Qc2 b6 (21... Qc6 $16) 22. Rac1 bxc5 23. bxc5 Bf5 24. Bd3 (24. Qc3 $16 {[%csl Gb2][%cal Rc3g7]} Bf6 25. Nd4) 24... Qxc5+ $1 $14 25. Bd4 Qxc2 26. Bxc2 Be4 {[#]} ({Lieber} 26... Bxc2 $14 27. Rxc2 Bf6) 27. Bxe4 ({Besser ist} 27. Rce1 $1 $16 Bf6 28. Bxe4 dxe4 29. Rxe4 Bxd4+ 30. Rxd4) 27... dxe4 $11 28. Rc7 Bf6 29. Bxf6 Rxf6 30. Ng5 Rxf1+ 31. Kxf1 Nxh2+ {[%mdl 4096] Endspiel KTS-KTS} 32. Kg2 Ng4 33. Nxe4 h6 34. Kf3 h5 35. d4 {[%cal Bd2d4,Bd4d5,Bd5d6][%mdl 32]} a5 36. d5 {Und weiter mit d6 wäre nett.} Rf8+ 37. Ke2 Kh7 {[#]} 38. d6 $1 {[%cal Rd6d7] d7 ist eine echte Drohung.} Nf6 $2 (38... Kg6 39. d7 Ne5) 39. Nxf6+ $18 Rxf6 40. Ke3 $2 (40. d7 $18 Rd6 41. Ke3) 40... Rxd6 {[%mdl 32768] Precision: Weiß = 58%, Schwarz = 34%. . Loss on Time!?} 1-0

[Event "11th Mumbai Mayors Cup 2018"]
[Site "Mumbai"]
[Date "2018.06.06"]
[Round "6"]
[White "Nguyen, Phuoc Tam"]
[Black "Mozharov, Mikhail"]
[Result "0-1"]
[WhiteElo "2214"]
[BlackElo "2558"]
[Annotator "TA"]
[PlyCount "180"]
[EventDate "2018.??.??"]
[EventType "swiss"]
[EventCountry "IND"]
[SourceTitle "playchess.com"]
[Source "ChessBase"]
[SourceQuality "1"]

{[%evp 12,180,-16,-23,-12,-15,13,3,44,46,28,37,42,18,31,17,38,37,24,15,31,31,48,30,22,27,48,43,53,0,0,0,0,0,0,0,0,-32,-10,-10,-10,-10,-11,-17,0,-5,-1,-4,0,-8,-2,-11,0,0,0,0,0,0,0,0,0,0,0,0,0,0,0,-2,0,-2,-7,-36,-8,-8,-8,-8,-8,-8,-8,-21,-8,-8,0,0,0,0,0,-8,-9,-21,0,-5,-8,-8,-4,-5,0,0,0,-36,0,-10,0,-6,0,-8,-8,-8,-8,-58,-58,-58,-58,-58,-58,-51,-58,-70,-70,-70,-70,-79,-79,-84,-70,-70,-70,-70,-70,-71,-72,-99,-70,-72,-70,-70,-70,-70,-69,-139,-154,-419,-395,-466,-517,-592,-592,-495,-277,-261,-279,-643,-233,-234,-177,-179,0,-231,-222,-588,-543,-29963,-215,-643,-643,-643,-643,-643,-643,-4570,-4570]} 1. d4 d5 2. Nf3 Nf6 3. g3 e6 4. Bg2 c5 5. c3 Nc6 6. O-O Be7 7. Bg5 {LiveBook: 8 Partien} Qb6 {D02: Damenbauernspiele} (7... O-O 8. Nbd2 cxd4 9. cxd4 {½-½ (9) Chernyshov,K (2480)-Yurtseven,M (2404) Marianske Lazne 2018}) 8. Qb3 Qa6 9. Re1 $146 ({Vorgänger:} 9. e3 c4 10. Qc2 b5 11. Nbd2 Bd7 12. e4 h6 13. Bxf6 Bxf6 14. exd5 exd5 15. Ne5 Bxe5 16. dxe5 {0-1 (34) Tomasek,T (2002)-Lorand,N (2348) Miskolc 2010}) 9... h6 {Die Stellung ist ausgeglichen.} 10. Bxf6 $1 Bxf6 11. dxc5 Be7 12. Nbd2 {und nun wäre e4 stark für Weiss.} Bxc5 13. e4 dxe4 14. Nxe4 Be7 15. Rad1 O-O 16. Nd6 Na5 17. Qb5 Qxb5 18. Nxb5 a6 19. Nd6 Rd8 20. Nxc8 (20. Nf5 $1 $14 Bf6 21. Rxd8+ Bxd8 22. Nd6) 20... Raxc8 $11 21. h4 Bf6 22. Nd2 b5 23. Bf3 Be7 24. Nb3 Nc4 (24... Nxb3 {looks sharper.} 25. axb3 b4 26. c4 a5 27. Kf1 Rc5) 25. Rxd8+ Rxd8 26. Re2 Rd1+ 27. Kg2 Rd6 28. Nc5 g6 29. Nb3 Kg7 30. Nc5 h5 31. Nb3 e5 32. Nc5 f6 33. Kh2 f5 34. b3 Nd2 35. Bg2 $1 e4 36. f3 {[%cal Rf3e4]} Nb1 37. fxe4 Nxc3 38. Rc2 b4 39. exf5 gxf5 40. Rf2 Kg6 41. Bh3 f4 42. gxf4 Bxh4 43. Rg2+ Kf7 44. Nd7 Bf6 45. Ne5+ Kf8 46. Rf2 Bg7 47. Bg2 a5 48. Nc4 Ra6 49. Rd2 Bh6 50. Kh3 Ke7 51. Bb7 Ra7 52. Bf3 Bxf4 53. Rd4 Bc7 54. a4 Ra6 55. Ne3 Be5 56. Rc4 Rg6 57. Kh4 Rg1 58. Rc5 Bg3+ 59. Kxh5 Bf2 60. Rxa5 Bxe3 61. Re5+ Kd6 62. Rxe3 $15 {[%mdl 4096] Endspiel KTL-KTS} Rb1 $1 63. Re8 Rxb3 64. a5 Ra3 65. Kg4 Rxa5 66. Rb8 Kc5 67. Kf4 Ra3 68. Rc8+ Kd4 $1 69. Rd8+ Kc4 $1 70. Rc8+ Kd3 71. Bh5 b3 {[#] ...Sd5+ ist eine echte Drohung.} 72. Rb8 Kc2 {Droht ...Ta4+ und aus.} 73. Bg6+ Kc1 {Und ...b2 würde nun gewinnen.} 74. Rc8 b2 75. Kf3 ({Günstiger ist} 75. Ke3 $15) 75... Kd2 $17 76. Kg2 $2 (76. Rd8+ $17 Nd5+ 77. Kf2) 76... Ra6 $19 77. Rd8+ Kc1 78. Bh7 {Jetzt Tc8 und Weiss darf weiter klammern.} Ra7 79. Bd3 Rc7 (79... Ra5 $142 80. Rf8 Nd1 81. Rc8+ Kd2) 80. Kf3 Nd1 81. Bg6 $2 {[#]} (81. Kf4) 81... Rc6 $2 (81... Rf7+ $1 {[%mdl 512]} 82. Ke2 (82. Bxf7 b1=Q) 82... Nc3+ 83. Ke3 Rg7) 82. Bh7 Rf6+ 83. Kg3 Rc6 (83... Rb6 $142 84. Rc8+ Kd2 85. Rd8+ Ke2 86. Bd3+ Ke3) 84. Kf3 $1 Nc3 85. Kg2 $2 (85. Bd3 {nur so!}) 85... Rc7 86. Bf5 Na2 $2 (86... Rg7+ {setzt Matt} 87. Kh2 Rf7 88. Rc8 Rxf5 89. Rxc3+ Kd2 90. Rb3 Kc2 91. Rb8 b1=Q 92. Rxb1 Kxb1 93. Kg3 Kc2 94. Kg4 Rb5 95. Kf3 Rb4 96. Ke3 Rc4 97. Kf2 Kd2 98. Kf3 Rd4 99. Kg2 Ke3 100. Kg3 Ke2 101. Kg2 Rd3 102. Kh1 Kf1 103. Kh2 Kf2 104. Kh1 Rh3#) 87. Kg3 $2 (87. Rb8) 87... Rc5 {Schwarz steht klar auf Gewinn.} 88. Bh7 Nb4 89. Rf8 Rc3+ 90. Kf2 Nc2 {Precision: Weiß = 47%, Schwarz = 58%.} 0-1

[Event "11th Mumbai Mayors Cup 2018"]
[Site "Mumbai"]
[Date "2018.06.06"]
[Round "6"]
[White "Tilak, Sharad S"]
[Black "Kulkarni, Vikramaditya"]
[Result "0-1"]
[WhiteElo "2206"]
[BlackElo "2323"]
[Annotator "NA"]
[PlyCount "68"]
[EventDate "2018.??.??"]
[EventType "swiss"]
[EventCountry "IND"]
[SourceTitle "playchess.com"]
[Source "ChessBase"]
[SourceQuality "1"]
[TimeControl "5400+30"]

1. d4 {[%emt 0:12:43]} d5 {[%emt 0:03:28]} 2. c4 {[%emt 0:00:15]} e6 {[%emt 0:00:19]} 3. Nc3 {[%emt 0:00:10]} c6 {[%emt 0:00:21]} 4. cxd5 {[%emt 0:03:12]} exd5 {[%emt 0:00:03]} 5. Qc2 {[%emt 0:00:08]} Bd6 {[%emt 0:02:15]} 6. Nf3 {[%emt 0:02:38]} Ne7 {[%emt 0:00:10]} 7. Bg5 {[%emt 0:01:00]} f6 {[%emt 0:01:05]} 8. Bh4 {[%emt 0:00:02]} Bf5 {[%emt 0:00:26]} 9. Qb3 {[%emt 0:01:02]} Qb6 {[%emt 0:00:12]} 10. Qxb6 {[%emt 0:01:32]} axb6 {[%emt 0:00:03]} 11. Bg3 {[%emt 0:00:05]} Bb4 {[%emt 0:18:26]} 12. Rc1 {[%emt 0:06:46]} b5 {[%emt 0:03:30]} 13. Nd2 {[%emt 0:24:35]} Nd7 {[%emt 0:02:07]} 14. a3 {[%emt 0:00:39]} Bxc3 {[%emt 0:08:39]} 15. Rxc3 {[%emt 0:00:04]} b4 {[%emt 0:00:34]} 16. Rb3 {[%emt 0:01:12]} bxa3 {[%emt 0:00:16]} 17. bxa3 {[%emt 0:00:33]} b5 {[%emt 0:01:10]} 18. f3 {[%emt 0:02:41]} Ra4 {[%emt 0:03:36]} 19. e3 {[%emt 0:02:40]} Nb6 $15 {[%emt 0:08:13]} 20. Bd6 {[%emt 0:04:18]} Kd7 {[%emt 0:23:12]} 21. Bb4 {[%emt 0:03:55]} Nc4 {[%emt 0:03:59]} 22. Rc3 {[%emt 0:00:37]} Nxa3 {[%emt 0:07:50]} 23. Bxa3 {[%emt 0:06:23]} b4 {[%emt 0:00:06]} 24. Bxb4 {[%emt 0:00:01]} Rxb4 {[%emt 0:00:07]} 25. Rb3 {[%emt 0:05:05]} Ra4 {[%emt 0:01:18]} 26. g4 {[%emt 0:02:23]} Ra1+ {[%emt 0:01:15]} 27. Ke2 {[%emt 0:04:03]} Bc2 {[%emt 0:01:41]} 28. Rb7+ {[%emt 0:04:56]} Kd6 {[%emt 0:00:43]} 29. g5 {[%emt 0:00:38]} Nf5 {[%emt 0:01:44]} 30. gxf6 {[%emt 0:04:43]} gxf6 {[%emt 0:00:01]} 31. Kf2 {[%emt 0:00:09]} Re8 {[%emt 0:02:12]} 32. Bg2 {[%emt 0:03:53]} Rxh1 {[%emt 0:02:03]} 33. Bxh1 {[%emt 0:00:01]} Nxe3 {[%emt 0:00:59]} 34. Rxh7 {[%emt 0:01:44]} Bxh7 {[%emt 0:00:07]} 0-1

[Event "11th Mumbai Mayors Cup 2018"]
[Site "Mumbai"]
[Date "2018.06.06"]
[Round "6"]
[White "Parthasarathy, R."]
[Black "Khusenkhojaev, Muhammad"]
[Result "0-1"]
[WhiteElo "1916"]
[BlackElo "2445"]
[Annotator "TA"]
[PlyCount "68"]
[EventDate "2018.??.??"]
[EventType "swiss"]
[EventCountry "IND"]
[SourceTitle "playchess.com"]
[Source "ChessBase"]
[SourceQuality "1"]

{[%evp 12,67,25,0,0,-4,0,0,22,17,25,0,0,0,0,0,-1,-23,0,0,0,-17,-30,-27,-16,-24,0,-68,-52,-70,-77,-62,-64,-62,-54,-90,-50,-47,-53,-48,-41,-34,-37,-196,-186,-763,-761,-737,-725,-29987,-29988,-29988,-29989,-29989,-29990,-29990,-29991,-29999]} 1. e4 e5 2. Nc3 Nf6 3. g3 Nc6 4. Bg2 Bc5 5. Nge2 d6 6. Na4 Be6 7. O-O {LiveBook: 4 Games. C26: Vienna Game: 2...Nf6, sidelines} (7. d3 Bd4 8. h3 Qe7 9. Nac3 Bb6 10. Nd5 Bxd5 11. exd5 Nd4 12. c3 Nxe2 13. Qxe2 Nd7 14. Bd2 f5 {½-½ (27) Zvjaginsev,V (2664)-Sokolov,I (2689) Poikovsky 2006}) 7... Qd7 8. c3 Bh3 9. d4 {The position is equal.} Bb6 10. Nxb6 axb6 11. d5 Ne7 12. f3 $146 ({Predecessor:} 12. Qd3 O-O 13. f4 Qg4 14. Bf3 {1-0 (44) Grishchenko,V (1994)-Shabunin,D (1781) Voronezh 2014}) 12... Bxg2 13. Kxg2 h6 14. Be3 Nh7 15. c4 f5 $36 {[%mdl 2048] Black fights for an advantage.} 16. f4 O-O 17. fxe5 dxe5 18. Nc3 Rf7 19. Qd2 ({White should try} 19. exf5 $11 Nxf5 20. Qe2) 19... Raf8 $1 $15 20. exf5 Nxf5 21. Ne4 Nf6 22. Nxf6+ Rxf6 23. Qe2 b5 {aiming for ...bxc4.} 24. b3 bxc4 25. bxc4 Qa4 {And now ...Qc2! would win.} 26. Bc5 R8f7 {[%cal Bf8f7,Bf7f3,Bf3h3][%mdl 32]} 27. g4 $2 {[#]} (27. Bg1 $15) 27... Nh4+ $1 $19 28. Kg3 $2 (28. Kg1) 28... Rf3+ 29. Rxf3 Rxf3+ ({Less strong is} 29... Nxf3 30. Rf1 $17) 30. Kxh4 g5+ {Black mates.} 31. Kh5 Rh3+ 32. Kg6 Qe8+ 33. Kf5 Qf7+ 34. Ke4 Qf4# {Precision: White = 44%, Black = 67%.} 0-1

[Event "11th Mumbai Mayors Cup 2018"]
[Site "Mumbai"]
[Date "2018.06.07"]
[Round "7"]
[White "Kravtsiv, Martyn"]
[Black "Raahul V S"]
[Result "1-0"]
[WhiteElo "2662"]
[BlackElo "2233"]
[Annotator "TA"]
[PlyCount "59"]
[EventDate "2018.??.??"]
[EventType "swiss"]
[EventCountry "IND"]
[SourceTitle "playchess.com"]
[Source "ChessBase"]
[SourceQuality "1"]

{[%evp 15,59,49,62,42,77,71,75,69,72,70,70,70,78,82,75,88,71,70,81,77,97,103,179,177,529,538,1654,1618,1514,1523,1372,1324,5393,5385,2333,2181,1767,1750,1312,1011,993,993,985,979,29978,29979]} 1. c4 Nf6 2. d4 g6 3. Nc3 Bg7 4. e4 d6 5. Be2 O-O 6. Bg5 Na6 7. Nf3 c6 8. O-O Nc7 {LiveBook: 6 Games. E91: King's Indian: Classical: 6 Be2, unusual replies including 6...c5 and 6...Bg4} (8... h6 9. Be3 Ng4 10. Bc1 e5 11. h3 exd4 12. Nxd4 Nf6 13. Re1 Re8 14. Bf3 Nd7 15. Be3 Ne5 16. Be2 {1-0 (48) Flear,G (2450)-Hebden,M (2500) Coventry 2015}) 9. d5 h6 $146 ({Predecessor:} 9... e5 10. Rc1 c5 11. a3 h6 12. Bd2 Nh5 13. b4 b6 14. b5 Nf4 15. a4 f5 16. Re1 Nxe2+ 17. Rxe2 {0-1 (40) Lecoq,E-Taylor,R (2033) Agneaux 1999}) 10. Bf4 cxd5 {White is better.} 11. exd5 g5 12. Be3 e5 13. dxe6 Bxe6 14. Nd4 d5 15. Nxe6 fxe6 16. Rc1 dxc4 17. Bxc4 Nfd5 18. Nxd5 exd5 (18... Nxd5 $16 {might work better.} 19. Qb3 Nxe3 20. Qxe3 (20. Bxe6+ Kh8 $14) 20... Kh8) 19. Bb3 $18 Bxb2 $2 {[#]} (19... Qd7 {is a better chance.} 20. Rc5 b6 21. Bxd5+ Nxd5 22. Rxd5 Qe6) 20. Qc2 $1 {[%csl LRb2,LRc7]} Be5 21. Qg6+ Bg7 {[#]} 22. Rxc7 $1 {[%mdl 512]} Qxc7 23. Bxd5+ Rf7 24. Bd4 {[%csl Gd4][%cal Rg6g7]} Kf8 25. Bxg7+ Rxg7 26. Qf6+ Ke8 27. Re1+ Qe7 {[#]} 28. Bc6+ $1 {[%mdl 512]} bxc6 29. Qxc6+ ({Weaker is} 29. Rxe7+ Rxe7 30. Qxc6+ Kf7 $18) 29... Kf8 30. Qxa8+ {Precision: White = 95%, Black = 42%.} 1-0

[Event "11th Mumbai Mayors Cup 2018"]
[Site "Mumbai"]
[Date "2018.06.07"]
[Round "7"]
[White "Amonatov, Farrukh"]
[Black "Erigaisi Arjun"]
[Result "1-0"]
[WhiteElo "2605"]
[BlackElo "2505"]
[Annotator "TA"]
[PlyCount "101"]
[EventDate "2018.??.??"]
[EventType "swiss"]
[EventCountry "IND"]
[SourceTitle "playchess.com"]
[Source "ChessBase"]
[SourceQuality "1"]

{[%evp 20,101,0,0,17,4,25,28,26,29,22,20,41,24,34,31,56,47,95,97,116,108,151,158,162,146,150,149,187,191,188,171,196,208,255,161,166,157,160,139,143,141,172,140,136,141,139,148,148,147,152,151,153,129,134,120,126,125,153,153,150,149,166,166,226,223,221,223,218,222,375,375,367,354,539,601,194,186,408,417,818,818,2033,1865]} 1. e4 e5 2. Nf3 Nf6 3. Nxe5 d6 4. Nf3 Nxe4 5. Nc3 Nxc3 6. dxc3 Be7 7. Be3 Nc6 8. Qd2 Be6 9. O-O-O {C42: Petroff Defence: 3 Nxe5 and unusual White 3rd moves} Qd7 (9... a6 10. b3 h6 11. Be2 Qd7 12. Kb1 Bf6 13. Nd4 Nxd4 14. Bxd4 Bxd4 15. Qxd4 O-O 16. c4 Rfe8 17. Bf3 Rab8 {1-0 (41) Anand,V (2776)-Mamedyarov,S (2809) Moscow 2018}) 10. Ng5 Bxg5 11. Bxg5 {LiveBook: 57 Games. The position is equal.} h6 12. Be3 O-O-O $146 ({Avoid the trap} 12... Bxa2 $2 13. b3 $18) ({Predecessor:} 12... a6 13. f4 O-O-O 14. h3 h5 15. Be2 {½-½ (30) Liscinska,L (1594)-Koloditsova,R (1878) Jaslovske Bohunice 2014}) 13. h3 Rhe8 14. b3 Bf5 15. Bc4 Qe7 16. Rhe1 Qf6 17. Kb2 d5 18. Be2 a6 {[#]} 19. g4 $1 {[%cal Rg4f5]} Be6 20. f4 {[%cal Bf2f4,Bf4f5][%mdl 32]} Kb8 21. Bf3 Qh4 22. f5 Bc8 23. Bf2 Qf6 24. Rxe8 Rxe8 25. Qxd5 g6 26. Qc5 {[#] aiming for Bxc6.} Qe7 27. Qxe7 Rxe7 28. fxg6 fxg6 29. Bg3 h5 30. gxh5 gxh5 31. h4 Rg7 32. Rg1 Bg4 33. Be4 Rf7 34. Re1 Kc8 35. Bd5 Rf8 36. Re4 Kd7 37. Rf4 Rxf4 38. Bxf4 $16 {[%mdl 4096] Endgame KBB-KBN} b6 39. Bc4 b5 40. Bd3 Ne7 41. c4 c6 (41... b4 $142 42. c3 a5) 42. cxb5 $18 cxb5 43. c4 b4 44. a3 a5 $2 (44... bxa3+ {might work better.} 45. Kxa3 Nf5) 45. axb4 axb4 46. Bd2 Nc6 (46... Bf5 $142) 47. Be4 Nd4 48. Bxb4 {And now Be1 would win.} Bd1 $2 (48... Nf3 49. Bxf3 Bxf3) 49. Kc3 Nxb3 (49... Nf3 $142 50. c5 Ne5) 50. c5 Kc7 51. Bd5 {Precision: White = 80%, Black = 39%.} 1-0

[Event "11th Mumbai Mayors Cup 2018"]
[Site "Mumbai"]
[Date "2018.06.07"]
[Round "7"]
[White "Mozharov, Mikhail"]
[Black "Tran, Minh Thang"]
[Result "1-0"]
[WhiteElo "2558"]
[BlackElo "2383"]
[Annotator "TA"]
[PlyCount "107"]
[EventDate "2018.??.??"]
[EventType "swiss"]
[EventCountry "IND"]
[SourceTitle "playchess.com"]
[Source "ChessBase"]
[SourceQuality "1"]

{[%evp 22,107,4,4,4,1,6,5,35,0,0,0,11,15,37,0,22,14,12,4,16,7,21,15,30,0,12,7,47,39,35,34,44,-6,0,0,0,-17,-17,-78,0,-11,0,0,0,0,-2,-5,0,0,0,0,0,0,0,0,0,0,9,8,12,13,14,0,7,0,45,50,394,385,389,357,428,427,1192,9579,8647,4329,968,860,12820,8082,1559,2404,2513,2247,12842,12841]} 1. d4 Nf6 2. c4 e6 3. Nc3 Bb4 4. Qc2 O-O 5. a3 Bxc3+ 6. Qxc3 d5 7. Bg5 dxc4 {E36: Nimzo-Indian: Classical: 4...d5 5 a3} (7... h6 8. Bxf6 Qxf6 9. Nf3 c6 10. g3 Nd7 11. Bh3 b6 12. cxd5 cxd5 13. Qc6 Rb8 14. O-O Rd8 15. Rfc1 {½-½ (24) Mamedyarov,S (2809)-Aronian,L (2794) Berlin 2018}) 8. Qxc4 b6 9. Rd1 Ba6 10. Qc2 Nbd7 11. e4 Bxf1 12. Kxf1 {LiveBook: 9 Games. Hoping for e5.} h6 13. Bh4 Qc8 14. Qc6 {[#]} e5 $146 ({Predecessor:} 14... Qa6+ 15. Ne2 {½-½ (40) Kuzubov,Y (2635)-Lalith,B (2579) Grosseto Prugna 2016}) 15. Bxf6 (15. Ne2 {with more complications.} Nh5 16. f3 exd4 17. Rxd4 Ne5 18. Qc3) 15... Nxf6 16. f3 ({Much weaker is} 16. dxe5 Qa6+ 17. Ke1 Qa5+ 18. Qc3 Qxc3+ 19. bxc3 Nxe4 $17) 16... Rd8 17. Ne2 Rd6 18. Qc4 Qd7 19. Kf2 c6 20. Rd3 Rd8 21. b4 Qe7 ({Of course not} 21... exd4 $6 22. e5 $16) 22. Rhd1 exd4 23. Rxd4 Qe5 24. g3 c5 25. bxc5 bxc5 26. Rxd6 Rxd6 27. Rb1 Rb6 28. Rc1 Nd7 29. Qa4 Qe6 {White should prevent ...Rb2.} 30. Qxa7 (30. Rd1 $11 Ne5 31. Rd8+ Kh7 32. Qe8 Qxe8 33. Rxe8) 30... Ra6 ({Better is} 30... Kh7 $17) 31. Qb7 $11 Rxa3 {aiming for ...Qh3.} 32. Rc3 Ra2 {Strongly threatening ...Qh3.} 33. Qb3 Qa6 34. Rc2 $132 {[%mdl 2048] White is not keeping still} Ra3 35. Qd5 Rd3 36. Ra2 Rxd5 37. Rxa6 {[%mdl 4096] Endgame KRN-KRN} Rd3 38. Ra8+ Kh7 39. Rd8 Ne5 40. Rxd3 Nxd3+ {KN-KN} 41. Ke3 Ne5 42. Nc3 g5 {[%cal Bg7g5,Bg5g4][%mdl 32]} 43. Na4 g4 44. f4 Nd7 $2 {[%mdl 8192]} ({Black should play} 44... Nf3 $1 $14) 45. Kd3 $18 h5 46. Kc4 h4 {[#]} 47. e5 $1 {White is clearly winning.} hxg3 (47... Nf8 $142 48. Nxc5 Ng6) 48. hxg3 Kg6 49. Nxc5 Nb6+ 50. Kd4 Nc8 51. Ne4 Ne7 52. Nd6 f6 53. e6 f5 54. Ne8 {Precision: White = 64%, Black = 27%.} 1-0

[Event "11th Mumbai Mayors Cup 2018"]
[Site "Mumbai"]
[Date "2018.06.07"]
[Round "7"]
[White "Ghosh, Diptayan"]
[Black "Rozum, Ivan"]
[Result "1/2-1/2"]
[WhiteElo "2536"]
[BlackElo "2581"]
[Annotator "TA"]
[PlyCount "61"]
[EventDate "2018.??.??"]
[EventType "swiss"]
[EventCountry "IND"]
[SourceTitle "playchess.com"]
[Source "ChessBase"]
[SourceQuality "1"]

{[%evp 19,61,29,37,37,35,41,42,41,39,24,25,22,9,14,22,20,20,18,20,33,45,0,0,0,0,0,0,0,0,0,0,0,0,0,0,0,0,0,0,0,0,0,0,0]} 1. d4 Nf6 2. c4 e6 3. Nf3 Bb4+ 4. Bd2 Bxd2+ 5. Qxd2 d5 6. g3 c6 7. Bg2 Nbd7 8. O-O O-O 9. Rc1 Qe7 10. Qe3 Re8 {LiveBook: 11 Games} 11. Qa3 $146 {E11: Bogo-Indian} ({Predecessor:} 11. Na3 e5 12. dxe5 Nxe5 13. Nxe5 Qxe5 14. Qxe5 Rxe5 15. cxd5 Nxd5 16. e4 Nb6 17. Nc2 Kf8 18. Nb4 Re7 {1-0 (60) Yilmaz,M (2633)-Kiriakov,P (2543) Beirut 2017}) 11... e5 12. Qxe7 Rxe7 13. cxd5 {White is slightly better.} Nxd5 14. Nxe5 Nxe5 15. Bxd5 cxd5 16. dxe5 Rxe5 17. Nc3 Bg4 $1 {[#] ...d4 is the strong threat.} 18. e3 a6 19. Rc2 Bf3 20. Ne2 Bxe2 $1 {The position is equal.} 21. Rxe2 $11 {[%mdl 4096] Endgame [#] KRR-KRR} d4 $1 {[%cal Bd5d4,Bd4e3][%mdl 544]} 22. Rd1 (22. exd4 Rxe2) 22... dxe3 23. f4 Re7 24. Rd3 Rae8 25. Kg2 f6 26. Kf3 Kf7 27. Rdxe3 Rxe3+ 28. Rxe3 Rd8 29. Ke2 Rd5 30. Rc3 Rd7 31. f5 {Precision: White = 72%, Black = 97%.} 1/2-1/2